| 000 | 01286 am a22003618a 4500 | ||
|---|---|---|---|
| 999 |
_c28255 _d28226 |
||
| 001 | 006948317 | ||
| 003 | EG-ScBUE | ||
| 005 | 20200308095007.0 | ||
| 008 | 020125t2003 nyua f b 001 0 eng d | ||
| 020 | _a0071151095 (pbk) | ||
| 020 | _a9780071151092 | ||
| 040 |
_aStDuBDS _beng _erda _dUk _dEG-ScBUE _cEG-ScBUE |
||
| 082 | 0 | 4 |
_a658.4038 _bOBR _222 |
| 100 | 1 | 0 |
_aO'Brien, James A., _d1936- _eauthor. |
| 245 | 1 | 0 |
_aIntroduction to information systems : _bessentials for the e-business enterprise / _cJames A. O'Brien, College of Business Administration, Norbern Arizona University. |
| 250 | _aEleventh edition. | ||
| 250 | _aInternational edition. | ||
| 264 | 1 |
_aNew York : _bMcGraw-Hill/Irwin, _c[2003] |
|
| 264 | 4 | _cc2003 | |
| 300 |
_a1 volume (various pagings) : _bcolor illustrations ; _c30 cm |
||
| 336 |
_atext _2rdacontent _btxt |
||
| 337 |
_aunmediated _2rdamedia _bn |
||
| 338 |
_avolume _2rdacarrier _bnc |
||
| 500 | _aIncludes glossary. | ||
| 504 | _aIncludes bibliographical references and index. | ||
| 650 | 7 |
_aBusiness _xData processing. _2BUEsh |
|
| 650 | 7 |
_aManagement _xData processing. _2BUEsh |
|
| 650 | 7 |
_aManagement information systems. _2BUEsh |
|
| 653 |
_bCOMSCI _cMarch2020 |
||
| 655 |
_vReading book _934232 |
||
| 942 |
_2ddc _cBB |
||